[Event "Germany Countries-chT Youth 2022"]
[Site "Wiesbaden"]
[Date "2022.10.01"]
[Round "1"]
[White "Meng, Yuxuan"]
[Black "Skembris, Simon Max"]
[Result "0-1"]
[WhiteElo "1472"]
[BlackElo "1540"]
[Annotator "NA RC COMBH"]
[PlyCount "121"]
[EventDate "2022.09.28"]
[EventType "team-tourn"]
[EventRounds "7"]
[EventCountry "GER"]
[SourceTitle "playchess.com"]
[Source "ChessBase"]
[SourceQuality "1"]
[TimeControl "40/5400+30:1800+30"]

1. e4 {[%emt 0:00:02]} c5 {[%emt 0:00:07]} 2. Nf3 {[%emt 0:00:05]} Nc6 {[%emt 0:00:05]} 3. d4 {[%emt 0:00:06]} cxd4 {[%emt 0:00:04]} 4. Nxd4 {[%emt 0:00:06]} Qb6 {[%emt 0:00:05]} 5. Nb3 {[%emt 0:00:09]} Nf6 {[%emt 0:00:13]} 6. Nc3 {[%emt 0:00:16]} e6 {[%emt 0:00:12]} 7. Be3 {[%emt 0:00:25]} Qc7 {[%emt 0:00:09]} 8. a3 {[%emt 0:00:26]} Be7 {[%emt 0:01:05]} 9. Be2 {[%emt 0:01:16]} O-O {[%emt 0:00:57]} 10. Qd2 {[%emt 0:03:15]} a6 {[%emt 0:01:08]} 11. f4 {[%emt 0:03:53]} d6 {[%emt 0:00:27]} 12. O-O-O {[%emt 0:01:19]} b5 {[%emt 0:01:17]} 13. g4 {[%emt 0:03:08]} Nd7 {[%emt 0:02:06]} 14. g5 {[%emt 0:03:55]} Nc5 {[%emt 0:05:20]} 15. Kb1 {[%emt 0:05:15]} b4 {[%emt 0:04:14]} 16. Nxc5 {[%emt 0:09:16]} bxc3 {[%emt 0:02:47]} 17. Nxe6 {[%emt 0:05:13]} fxe6 {[%emt 0:03:21]} 18. Qxc3 {[%emt 0:00:20]} Bd7 {[%emt 0:02:38]} 19. h4 {[%emt 0:03:27]} Qa5 {[%emt 0:05:23]} 20. Qd3 {[%emt 0:06:25]} Rfb8 {[%emt 0:05:45]} 21. Ka1 {[%emt 0:09:01]} Qb5 {[%emt 0:06:05]} 22. Qxb5 {[%emt 0:03:32]} axb5 {[%emt 0:00:28]} 23. Kb1 {[%emt 0:02:42]} b4 {[%emt 0:03:18]} 24. axb4 {[%emt 0:02:58]} Rxb4 {[%emt 0:01:02]} 25. b3 {[%emt 0:07:09]} Rxe4 {[%emt 0:00:55]} 26. Rd3 {[%emt 0:04:04]} d5 {[%emt 0:05:02]} 27. Bf3 {[%emt 0:02:07]} Rb4 {[%emt 0:00:51]} 28. Rhd1 {[%emt 0:02:05]} g6 {[%emt 0:02:48]} 29. Bg2 {[%emt 0:06:26]} Bf8 {[%emt 0:02:02]} 30. Rf1 {[%emt 0:02:55]} Bg7 {[%emt 0:01:19]} 31. Kc1 {[%emt 0:00:12]} Ra1+ {[%emt 0:00:32]} 32. Kd2 {[%emt 0:00:09]} Rxf1 {[%emt 0:00:10]} 33. Bxf1 {[%emt 0:00:05]} Kf7 {[%emt 0:01:29]} 34. Bh3 {[%emt 0:02:06]} Bd4 {[%emt 0:01:30]} 35. Bxd4 {[%emt 0:01:54]} Rxd4 {[%emt 0:01:41]} 36. Ke3 {[%emt 0:02:38]} Rxd3+ {[%emt 0:00:34]} 37. Kxd3 {[%emt 0:00:13]} Ke7 {[%emt 0:00:31]} 38. c4 {[%emt 0:00:59]} Kd6 {[%emt 0:01:10]} 39. Bg2 {[%emt 0:03:21]} Ne7 {[%emt 0:00:49]} 40. Bh3 {[%emt 0:01:10]} Nf5 {[%emt 0:00:38]} 41. Bxf5 {[%emt 0:30:47]} exf5 {[%emt 0:32:05]} 42. Kd4 {[%emt 0:00:40]} dxc4 {[%emt 0:01:24]} 43. bxc4 {[%emt 0:00:17]} Bc6 {[%emt 0:00:33]} 44. c5+ {[%emt 0:01:16]} Ke6 {[%emt 0:00:12]} 45. Kc4 {[%emt 0:01:55]} Ba4 {[%emt 0:00:18]} 46. Kd4 {[%emt 0:03:02]} Bb5 {[%emt 0:00:12]} 47. c6 {[%emt 0:00:00]} Bxc6 {[%emt 0:00:00]} 48. Kc5 {[%emt 0:00:00]} Bh1 {[%emt 0:00:00]} 49. Kc4 {[%emt 0:00:00]} Kd6 {[%emt 0:00:00]} 50. Kd4 {[%emt 0:00:00]} Bd5 {[%emt 0:00:00]} 51. Kd3 {[%emt 0:00:00]} Kc5 {[%emt 0:00:00]} 52. Ke3 {[%emt 0:00:00]} Kc4 {[%emt 0:00:00]} 53. Kf2 {[%emt 0:00:00]} Kd3 {[%emt 0:00:00]} 54. Kg3 {[%emt 0:00:00]} Ke3 {[%emt 0:00:00]} 55. Kh2 {[%emt 0:00:00]} Kxf4 {[%emt 0:00:00]} 56. Kg1 {[%emt 0:00:00]} Kg3 {[%emt 0:00:00]} 57. Kf1 {[%emt 0:00:00]} f4 {[%emt 0:00:00]} 58. Ke1 {[%emt 0:00:00]} f3 {[%emt 0:00:00]} 59. Kf1 {[%emt 0:00:00]} f2 {[%emt 0:00:00]} 60. Ke2 {[%emt 0:00:00]} Kg2 {[%emt 0:00:00]} 61. Kd1 {[%emt 0:00:20]} 0-1

[Event "Germany Countries-chT Youth 2022"]
[Site "Wiesbaden"]
[Date "2022.10.01"]
[Round "1"]
[White "Burlutskaia, Maria"]
[Black "Roessling, Laura Marie"]
[Result "1-0"]
[WhiteElo "1468"]
[BlackElo "1418"]
[Annotator "NA RC COMBH"]
[PlyCount "109"]
[EventDate "2022.09.28"]
[EventType "team-tourn"]
[EventRounds "7"]
[EventCountry "GER"]
[SourceTitle "playchess.com"]
[Source "ChessBase"]
[SourceQuality "1"]
[TimeControl "40/5400+30:1800+30"]

1. e4 {[%emt 0:00:03]} e5 {[%emt 0:00:01]} 2. Nf3 {[%emt 0:00:09]} Nc6 {[%emt 0:00:13]} 3. d4 {[%emt 0:00:20]} exd4 {[%emt 0:01:01]} 4. Bc4 {[%emt 0:00:16]} Nf6 {[%emt 0:09:14]} 5. O-O {[%emt 0:00:13]} Bc5 {[%emt 0:00:40]} 6. e5 {[%emt 0:06:38]} Ne4 {[%emt 0:03:58]} 7. Bd5 {[%emt 0:00:20]} f5 {[%emt 0:02:21]} 8. exf6 {[%emt 0:07:10]} Nxf6 {[%emt 0:01:13]} 9. Bg5 {[%emt 0:00:09]} Be7 {[%emt 0:04:04]} 10. Bc4 {[%emt 0:03:36]} d5 {[%emt 0:01:11]} 11. Bd3 {[%emt 0:10:23]} O-O {[%emt 0:01:55]} 12. h3 {[%emt 0:02:45]} Ne4 {[%emt 0:01:38]} 13. Bxe7 {[%emt 0:01:40]} Qxe7 {[%emt 0:00:30]} 14. Re1 {[%emt 0:00:20]} Bf5 {[%emt 0:01:14]} 15. c3 {[%emt 0:03:06]} dxc3 {[%emt 0:00:57]} 16. Nxc3 {[%emt 0:00:16]} Rad8 {[%emt 0:01:37]} 17. Nxd5 {[%emt 0:12:00]} Qf7 {[%emt 0:04:59]} 18. Bc4 {[%emt 0:01:31]} Be6 {[%emt 0:02:16]} 19. Rxe4 {[%emt 0:06:38]} Bxd5 {[%emt 0:00:34]} 20. Bxd5 {[%emt 0:02:14]} Rxd5 {[%emt 0:00:23]} 21. Qe2 {[%emt 0:00:27]} Rd6 {[%emt 0:00:50]} 22. Re1 {[%emt 0:01:19]} h6 {[%emt 0:01:30]} 23. a3 {[%emt 0:01:02]} Rg6 {[%emt 0:00:29]} 24. Kh2 {[%emt 0:00:14]} Qd7 {[%emt 0:02:04]} 25. b4 {[%emt 0:02:27]} Qd6+ {[%emt 0:00:45]} 26. Kh1 {[%emt 0:00:33]} Qd7 {[%emt 0:13:22]} 27. b5 {[%emt 0:03:27]} Na5 {[%emt 0:02:11]} 28. Ne5 {[%emt 0:01:02]} Qf5 {[%emt 0:06:22]} 29. Nxg6 {[%emt 0:00:41]} Qxg6 {[%emt 0:00:19]} 30. Rg4 {[%emt 0:02:11]} Qd6 {[%emt 0:01:13]} 31. Qb2 {[%emt 0:01:05]} Rf6 {[%emt 0:09:46]} 32. Re3 {[%emt 0:04:02]} Kh7 {[%emt 0:02:19]} 33. Reg3 {[%emt 0:01:32]} g6 {[%emt 0:03:08]} 34. Qa2 {[%emt 0:01:31]} Qd1+ {[%emt 0:02:26]} 35. Kh2 {[%emt 0:00:12]} Qd7 {[%emt 0:01:22]} 36. Qc2 {[%emt 0:00:45]} Qf7 {[%emt 0:01:15]} 37. Qc3 {[%emt 0:05:36]} b6 {[%emt 0:01:26]} 38. Rd4 {[%emt 0:01:44]} Rxf2 {[%emt 0:02:57]} 39. Rd8 {[%emt 0:00:23]} Qg7 {[%emt 0:02:48]} 40. Qxg7+ {[%emt 0:03:32]} Kxg7 {[%emt 0:00:21]} 41. Rd7+ {[%emt 0:30:26]} Rf7 {[%emt 0:30:44]} 42. Rgd3 {[%emt 0:00:22]} Nc4 {[%emt 0:02:39]} 43. Rxf7+ {[%emt 0:03:36]} Kxf7 {[%emt 0:00:43]} 44. Rc3 {[%emt 0:00:11]} Nd6 {[%emt 0:00:36]} 45. Rxc7+ {[%emt 0:00:35]} Kg8 {[%emt 0:01:05]} 46. a4 {[%emt 0:00:15]} h5 {[%emt 0:01:08]} 47. Rxa7 {[%emt 0:00:52]} Kf8 {[%emt 0:00:36]} 48. a5 {[%emt 0:01:43]} bxa5 {[%emt 0:01:09]} 49. b6 {[%emt 0:00:25]} Ke8 {[%emt 0:00:36]} 50. b7 {[%emt 0:00:12]} Nxb7 {[%emt 0:00:05]} 51. Rxb7 {[%emt 0:00:04]} Kd8 {[%emt 0:00:15]} 52. Kg3 {[%emt 0:00:20]} a4 {[%emt 0:00:22]} 53. Kf4 {[%emt 0:00:06]} a3 {[%emt 0:00:05]} 54. Kg5 {[%emt 0:00:16]} a2 {[%emt 0:00:01]} 55. Ra7 {[%emt 0:00:06]} 1-0

[Event "Germany Countries-chT Youth 2022"]
[Site "Wiesbaden"]
[Date "2022.10.01"]
[Round "1"]
[White "Huppert, Anna"]
[Black "Vranckx, Oscar"]
[Result "0-1"]
[WhiteElo "1417"]
[BlackElo "1583"]
[Annotator "NA RC COMBH"]
[PlyCount "80"]
[EventDate "2022.09.28"]
[EventType "team-tourn"]
[EventRounds "7"]
[EventCountry "GER"]
[SourceTitle "playchess.com"]
[Source "ChessBase"]
[SourceQuality "1"]
[TimeControl "40/5400+30:1800+30"]

1. d4 {[%emt 0:00:02]} Nf6 {[%emt 0:00:10]} 2. c4 {[%emt 0:00:14]} e6 {[%emt 0:00:13]} 3. Nf3 {[%emt 0:01:16]} Be7 {[%emt 0:03:36]} 4. Nc3 {[%emt 0:01:59]} d5 {[%emt 0:01:06]} 5. cxd5 {[%emt 0:04:00]} exd5 {[%emt 0:01:55]} 6. Bg5 {[%emt 0:02:39]} c6 {[%emt 0:08:48]} 7. Qc2 {[%emt 0:05:59]} Be6 {[%emt 0:08:25]} 8. e3 {[%emt 0:02:03]} h6 {[%emt 0:02:06]} 9. Bf4 {[%emt 0:01:56]} O-O {[%emt 0:19:19]} 10. Bd3 {[%emt 0:01:47]} Nbd7 {[%emt 0:15:37]} 11. h3 {[%emt 0:02:09]} Rc8 {[%emt 0:02:23]} 12. O-O {[%emt 0:02:01]} c5 {[%emt 0:03:49]} 13. Bf5 {[%emt 0:06:06]} Bxf5 {[%emt 0:05:29]} 14. Qxf5 {[%emt 0:00:19]} cxd4 {[%emt 0:05:57]} 15. Nxd4 {[%emt 0:03:26]} Nc5 {[%emt 0:01:54]} 16. Be5 {[%emt 0:10:50]} Nce4 {[%emt 0:07:49]} 17. Nxe4 {[%emt 0:12:47]} Nxe4 {[%emt 0:01:07]} 18. Rfd1 {[%emt 0:03:19]} Bf6 {[%emt 0:03:23]} 19. f3 {[%emt 0:15:39]} Bxe5 {[%emt 0:02:16]} 20. fxe4 {[%emt 0:04:18]} Qe7 {[%emt 0:01:34]} 21. exd5 {[%emt 0:02:11]} a6 {[%emt 0:01:27]} 22. Qf2 {[%emt 0:02:15]} Rfd8 {[%emt 0:00:52]} 23. Nf5 {[%emt 0:04:12]} Qf6 {[%emt 0:01:11]} 24. Rd2 {[%emt 0:00:39]} Kh7 {[%emt 0:01:20]} 25. Rad1 {[%emt 0:02:26]} g6 {[%emt 0:00:34]} 26. Ng3 {[%emt 0:00:39]} Qxf2+ {[%emt 0:00:16]} 27. Kxf2 {[%emt 0:00:06]} Bxg3+ {[%emt 0:00:29]} 28. Kxg3 {[%emt 0:00:03]} Rd6 {[%emt 0:00:49]} 29. Kf4 {[%emt 0:00:33]} f6 {[%emt 0:00:23]} 30. e4 {[%emt 0:00:51]} Re8 {[%emt 0:00:14]} 31. Rc1 {[%emt 0:00:58]} Re7 {[%emt 0:00:22]} 32. Rc3 {[%emt 0:01:32]} Kg7 {[%emt 0:00:19]} 33. Re3 {[%emt 0:00:31]} Re5 {[%emt 0:00:27]} 34. g4 {[%emt 0:01:20]} Kf7 {[%emt 0:00:16]} 35. Rc2 {[%emt 0:01:21]} Rd7 {[%emt 0:00:22]} 36. Rd3 {[%emt 0:04:50]} Ke7 {[%emt 0:00:20]} 37. Rc8 {[%emt 0:00:44]} Rd8 {[%emt 0:00:44]} 38. Rc4 {[%emt 0:00:47]} Rd7 {[%emt 0:00:11]} 39. b4 {[%emt 0:00:28]} Rd6 {[%emt 0:00:30]} 40. a4 {[%emt 0:00:29]} Kd7 {[%emt 0:01:16]} 0-1

[Event "Germany Countries-chT Youth 2022"]
[Site "Wiesbaden"]
[Date "2022.10.01"]
[Round "1"]
[White "Kellner, Anton"]
[Black "Braeutigam, Katerina"]
[Result "0-1"]
[WhiteElo "1382"]
[BlackElo "1873"]
[Annotator "NA RC COMBH"]
[PlyCount "25"]
[EventDate "2022.09.28"]
[EventType "team-tourn"]
[EventRounds "7"]
[EventCountry "GER"]
[SourceTitle "playchess.com"]
[Source "ChessBase"]
[SourceQuality "1"]
[TimeControl "40/5400+30:1800+30"]

1. d4 {[%emt 0:00:02]} Nf6 {[%emt 0:00:05]} 2. c4 {[%emt 0:00:07]} e6 {[%emt 0:00:04]} 3. Nf3 {[%emt 0:00:08]} b6 {[%emt 0:00:05]} 4. Nc3 {[%emt 0:00:32]} Bb4 {[%emt 0:00:06]} 5. Bg5 {[%emt 0:01:02]} Bb7 {[%emt 0:00:20]} 6. e3 {[%emt 0:00:40]} h6 {[%emt 0:00:59]} 7. Bh4 {[%emt 0:00:11]} c5 {[%emt 0:05:44]} 8. Bd3 {[%emt 0:01:57]} cxd4 {[%emt 0:03:09]} 9. exd4 {[%emt 0:00:16]} O-O {[%emt 0:02:18]} 10. O-O {[%emt 0:00:20]} Be7 {[%emt 0:03:04]} 11. Bc2 {[%emt 0:02:09]} d5 {[%emt 0:04:48]} 12. cxd5 {[%emt 0:02:08]} Nxd5 {[%emt 0:02:36]} 13. Bg3 {[%emt 0:02:10]} 0-1

[Event "Germany Countries-chT Youth 2022"]
[Site "Wiesbaden"]
[Date "2022.10.01"]
[Round "1"]
[White "Czaeczine, Paula"]
[Black "Limmer, Marco"]
[Result "1/2-1/2"]
[WhiteElo "1322"]
[BlackElo "1704"]
[Annotator "NA RC COMBH"]
[PlyCount "104"]
[EventDate "2022.09.28"]
[EventType "team-tourn"]
[EventRounds "7"]
[EventCountry "GER"]
[SourceTitle "playchess.com"]
[Source "ChessBase"]
[SourceQuality "1"]
[TimeControl "40/5400+30:1800+30"]

1. e4 e6 2. d4 d5 3. exd5 exd5 4. c4 Nf6 5. Nc3 Be7 6. Bd3 dxc4 7. Bxc4 O-O 8. Nge2 c6 9. a4 Bd6 10. Bg5 Re8 11. h3 Be6 12. Bxe6 Rxe6 13. O-O h6 14. Bh4 Nbd7 15. d5 cxd5 16. Nxd5 Be7 17. Nxe7+ Qxe7 18. Nc3 Qb4 19. Bxf6 Nxf6 20. Nd5 Nxd5 21. Qxd5 Re2 22. b3 Rd2 23. Qf3 Rad8 24. Rab1 R8d3 25. Qg4 Qxg4 26. hxg4 Rc2 27. Rfd1 Rdd2 28. Rxd2 Rxd2 29. Rc1 Rd3 30. Rc8+ Kh7 31. Rc7 Rxb3 32. Rxf7 a5 33. f3 Kg6 34. Rd7 Rb4 35. Kf2 Kf6 36. Ke3 b6 37. Rd4 Rb3+ 38. Rd3 Rb1 39. Kf4 Rb4+ 40. Ke3 Ke5 41. Ra3 g6 42. g3 h5 43. gxh5 gxh5 44. Kd3 Kd5 45. Kc3 Kc5 46. Ra2 h4 47. gxh4 Rxh4 48. Kb3 Rb4+ 49. Kc3 Rf4 50. Rf2 Rxa4 51. f4 Kd6 52. f5 Ke7 1/2-1/2

[Event "Germany Countries-chT Youth 2022"]
[Site "Wiesbaden"]
[Date "2022.10.01"]
[Round "1"]
[White "Petrovsky, Vadim"]
[Black "Waffenschmidt, Lars"]
[Result "1-0"]
[WhiteElo "1287"]
[BlackElo "2302"]
[Annotator "TA"]
[PlyCount "79"]
[EventDate "2022.09.28"]
[EventType "team-tourn"]
[EventRounds "7"]
[EventCountry "GER"]
[SourceTitle "playchess.com"]
[Source "ChessBase"]
[SourceQuality "1"]
[TimeControl "40/5400+30:1800+30"]

{[%evp 28,79,33,25,23,16,17,0,0,0,0,0,-10,-42,-24,-137,-68,-57,-61,-56,-87,-50,-58,-83,310,268,273,229,589,566,977,742,1890,1746,1830,1299,1266,1266,2666,2268,1628,1158,1098,1057,1547,1187,1169,1168,1384,1314,2072,1663,29994,29986]} 1. e4 {[%emt 0:00:03]} e5 {[%emt 0:00:12]} 2. Nf3 {[%emt 0:00:10]} Nc6 {[%emt 0:00:09]} 3. Bb5 {[%emt 0:00:22][%cal Bf1b5,Bb5a4,Ba4b3][%mdl 32]} a6 {[%emt 0:00:19]} 4. Ba4 {[%emt 0:00:06]} Nf6 {[%emt 0:00:13]} 5. O-O {[%emt 0:00:16]} Be7 {[%emt 0:00:21]} 6. Re1 {[%emt 0:00:34]} b5 {[%emt 0:00:23]} 7. Bb3 {[%emt 0:00:06]} d6 {[%emt 0:00:21]} 8. c3 {[%emt 0:00:34]} O-O {[%emt 0:00:24]} 9. h3 {[%emt 0:07:44]} Nb8 {[%emt 0:01:12]} 10. d4 {[%emt 0:00:48]} Nbd7 {[%emt 0:00:32]} 11. Nbd2 {[%emt 0:01:03]} Bb7 {[%emt 0:00:41]} 12. Bc2 {[%emt 0:00:29]} Re8 {[%emt 0:00:47]} 13. Nf1 {[%emt 0:00:38]} Bf8 {[%emt 0:02:21]} 14. Ng3 {[%emt 0:00:30]} g6 {[%emt 0:01:50]} 15. a4 {[%emt 0:05:50]} Nb6 {[%emt 0:08:58] C95: Closed Ruy Lopez: Breyer Variation with 10 d4.} 16. a5 $1 {[%emt 0:31:30] 16.a5 scores better than 16.b3.} Nbd7 {[%emt 0:01:01]} 17. b4 {[%emt 0:08:34]} exd4 {[%emt 0:09:01] The position is equal.} 18. cxd4 {[%emt 0:00:18]} c5 {[%emt 0:01:28]} 19. bxc5 {[%emt 0:08:07]} dxc5 {[%emt 0:00:13]} 20. d5 {[%emt 0:05:20]} (20. e5 $5 {[%cal Re5f6]}) 20... c4 {[%emt 0:01:36] [#]} (20... Qc7 $5 {[%cal Rc5c4]}) 21. d6 $146 {[%emt 0:00:46] [#]} (21. Bg5 $11 {keeps the balance.}) ({Predecessor:} 21. Nd4 Nc5 22. Bg5 h6 23. Bd2 Bg7 24. Bb4 Nfd7 25. Ra3 Rc8 26. Ngf5 Bf8 27. Rg3 {½-½ (70) Pacher,M (2449)-Krykun,Y (2366) Lvov 2017}) 21... Nc5 {[%emt 0:23:31]} ({Black should try} 21... Rc8 $1 $17 22. Ba3 Bg7) 22. e5 $15 {[%emt 0:01:16]} Nfd7 {[%emt 0:01:16] Hoping for ...Bxf3.} 23. Ne4 {[%emt 0:02:53]} Bg7 {[%emt 0:04:26]} 24. Bg5 {[%emt 0:01:52]} Qc8 {[%emt 0:01:09]} 25. Be7 {[%emt 0:09:04]} ({But not} 25. Nxc5 Qxc5 26. Be3 Qc6 $17) 25... Rb8 $2 {[%emt 0:16:41][%mdl 8192] [#] This costs Black the game.} (25... Nxe5 $17 {and life is bright.} 26. Nxe5 Bxe5 27. Nf6+ Bxf6 28. Bxf6 Rxe1+ 29. Qxe1 Qc6) 26. Nf6+ $1 $18 {[%emt 0:00:55]} Nxf6 {[%emt 0:03:34]} 27. exf6 {[%emt 0:00:50]} Bh8 {[%emt 0:03:36]} (27... Bxf3 {is a better chance.} 28. Qxf3 Bf8) 28. Ne5 {[%emt 0:00:22][%cal Bf3e5,Be5g4,Bg4h6][%mdl 32] And now Ng4 would win.} Nd7 {[%emt 0:00:46]} 29. Ng4 {[%emt 0:00:40][%cal Rg4h6]} h5 {[%emt 0:09:38]} 30. Nh6+ {[%emt 0:00:28]} Kh7 {[%emt 0:00:08]} 31. Qxh5 {[%emt 0:01:23]} Qc5 {[%emt 0:00:59]} 32. Qh4 {[%emt 0:02:45]} Bxf6 {[%emt 0:00:33]} 33. Bxf6 {[%emt 0:00:02]} Nxf6 {[%emt 0:00:49]} 34. Ng4+ {[%emt 0:00:15]} Nh5 {[%emt 0:00:11]} 35. Nf6+ {[%emt 0:00:08]} Kg7 {[%emt 0:00:23]} 36. Nxe8+ {[%emt 0:00:20]} Rxe8 {[%emt 0:00:33]} 37. Rxe8 {[%emt 0:00:07] Intending Qe7 and mate.} Qc6 {[%emt 0:00:14]} 38. Qe4 {[%emt 0:00:18] Black must now prevent Re7.} Qd7 {[%emt 0:00:39]} 39. Qe7 {[%emt 0:01:05]} Qc6 {[%emt 0:00:11]} 40. Be4 {[%emt 0:00:14] Weighted Error Value: White=0.20 (precise) /Black=1.09} 1-0

[Event "Germany Countries-chT Youth 2022"]
[Site "Wiesbaden"]
[Date "2022.10.01"]
[Round "1"]
[White "Struebel, Katharina"]
[Black "Ignatova, Gabriela"]
[Result "1-0"]
[WhiteElo "1273"]
[BlackElo "1099"]
[Annotator "NA RC COMBH"]
[PlyCount "37"]
[EventDate "2022.09.28"]
[EventType "team-tourn"]
[EventRounds "7"]
[EventCountry "GER"]
[SourceTitle "playchess.com"]
[Source "ChessBase"]
[SourceQuality "1"]
[TimeControl "40/5400+30:1800+30"]

1. e4 {[%emt 0:00:04]} e5 {[%emt 0:00:04]} 2. Nf3 {[%emt 0:00:10]} Nc6 {[%emt 0:00:07]} 3. d4 {[%emt 0:00:30]} exd4 {[%emt 0:00:30]} 4. Nxd4 {[%emt 0:00:30]} Bc5 {[%emt 0:00:30]} 5. Be3 {[%emt 0:00:30]} Nxd4 {[%emt 0:00:30]} 6. Bxd4 {[%emt 0:00:30]} Bxd4 {[%emt 0:00:30]} 7. Qxd4 {[%emt 0:00:00]} f6 {[%emt 0:10:42]} 8. Nc3 {[%emt 0:00:28]} c6 {[%emt 0:13:14]} 9. Bc4 {[%emt 0:07:06]} d5 {[%emt 0:00:00]} 10. exd5 {[%emt 0:02:25]} Be6 {[%emt 0:00:00]} 11. O-O {[%emt 0:02:25]} Ne7 {[%emt 0:00:28]} 12. Rfe1 {[%emt 0:02:35]} Bxd5 {[%emt 0:03:43]} 13. Bxd5 {[%emt 0:02:39]} cxd5 {[%emt 0:03:12]} 14. Nxd5 {[%emt 0:03:07]} O-O {[%emt 0:02:40]} 15. Nxe7+ {[%emt 0:00:50]} Kh8 {[%emt 0:01:41]} 16. Qe4 {[%emt 0:03:07]} Re8 {[%emt 0:02:44]} 17. Re3 {[%emt 0:00:41]} Rc8 {[%emt 0:02:16]} 18. Qxh7+ {[%emt 0:00:18]} Kxh7 {[%emt 0:00:34]} 19. Rh3# {[%emt 0:00:06]} 1-0

[Event "Germany Countries-chT Youth 2022"]
[Site "Wiesbaden"]
[Date "2022.10.01"]
[Round "1"]
[White "Vasylenko, Nadeja"]
[Black "Neininger, Sarah"]
[Result "1/2-1/2"]
[WhiteElo "1261"]
[BlackElo "1589"]
[Annotator "NA RC COMBH"]
[PlyCount "115"]
[EventDate "2022.09.28"]
[EventType "team-tourn"]
[EventRounds "7"]
[EventCountry "GER"]
[SourceTitle "playchess.com"]
[Source "ChessBase"]
[SourceQuality "1"]
[TimeControl "40/5400+30:1800+30"]

1. e4 {[%emt 0:00:05]} c5 {[%emt 0:00:06]} 2. d4 {[%emt 0:00:27]} cxd4 {[%emt 0:00:08]} 3. c3 {[%emt 0:00:07]} Nf6 {[%emt 0:00:10]} 4. e5 {[%emt 0:00:33]} Nd5 {[%emt 0:00:15]} 5. cxd4 {[%emt 0:01:04]} e6 {[%emt 0:00:17]} 6. Nc3 {[%emt 0:05:10]} Nxc3 {[%emt 0:00:17]} 7. bxc3 {[%emt 0:00:08]} d6 {[%emt 0:00:11]} 8. f4 {[%emt 0:04:33]} Qc7 {[%emt 0:01:46]} 9. Bd2 {[%emt 0:03:37]} Nd7 {[%emt 0:01:53]} 10. Bd3 {[%emt 0:03:43]} Be7 {[%emt 0:01:59]} 11. Nf3 {[%emt 0:00:49]} b6 {[%emt 0:03:10]} 12. O-O {[%emt 0:06:16]} Bb7 {[%emt 0:02:21]} 13. Qe2 {[%emt 0:05:16]} Rc8 {[%emt 0:11:31]} 14. Rab1 {[%emt 0:08:31]} h6 {[%emt 0:09:04]} 15. h3 {[%emt 0:05:03]} Bd5 {[%emt 0:15:07]} 16. Ra1 {[%emt 0:04:25]} Bc4 {[%emt 0:01:03]} 17. exd6 {[%emt 0:02:37]} Bxd3 {[%emt 0:04:27]} 18. Qxd3 {[%emt 0:00:49]} Qxd6 {[%emt 0:09:03]} 19. Ne5 {[%emt 0:03:10]} Bf6 {[%emt 0:11:33]} 20. Qa6 {[%emt 0:03:38]} Qc7 {[%emt 0:07:45]} 21. Qb5 {[%emt 0:06:03]} Bxe5 {[%emt 0:02:47]} 22. fxe5 {[%emt 0:02:07]} Qc4 {[%emt 0:00:46]} 23. Qb1 {[%emt 0:01:20]} O-O {[%emt 0:01:59]} 24. Rf3 {[%emt 0:02:45]} Qe2 {[%emt 0:04:58]} 25. Qc1 {[%emt 0:00:34]} Kh7 {[%emt 0:00:49]} 26. Qc2+ {[%emt 0:01:37]} Kh8 {[%emt 0:00:30]} 27. Re1 {[%emt 0:00:36]} Qc4 {[%emt 0:00:22]} 28. Ref1 {[%emt 0:02:34]} Qxd4+ {[%emt 0:00:50]} 29. cxd4 {[%emt 0:01:41]} Rxc2 {[%emt 0:00:07]} 30. Bb4 {[%emt 0:00:33]} Rfc8 {[%emt 0:01:12]} 31. Rxf7 {[%emt 0:01:28]} Nb8 {[%emt 0:01:36]} 32. Bf8 {[%emt 0:02:21]} R2c7 {[%emt 0:03:01]} 33. Bxg7+ {[%emt 0:01:42]} Kg8 {[%emt 0:00:21]} 34. Rxc7 {[%emt 0:00:20]} Rxc7 {[%emt 0:00:06]} 35. Bxh6 {[%emt 0:00:04]} Nc6 {[%emt 0:00:36]} 36. Rc1 {[%emt 0:01:22]} Kf7 {[%emt 0:01:12]} 37. Bg5 {[%emt 0:01:24]} Kg6 {[%emt 0:00:51]} 38. Bd8 {[%emt 0:01:11]} Rc8 {[%emt 0:00:08]} 39. Bh4 {[%emt 0:00:33]} Kf5 {[%emt 0:00:20]} 40. Kf1 {[%emt 0:06:59]} Ke4 {[%emt 0:00:33]} 41. Bf2 {[%emt 0:30:13]} Kd5 {[%emt 0:05:35]} 42. g4 {[%emt 0:00:00]} Rh8 {[%emt 0:00:29]} 43. h4 {[%emt 0:00:00]} Nb4 {[%emt 0:07:28]} 44. Rd1 {[%emt 0:00:00]} Nxa2 {[%emt 0:00:40]} 45. Ra1 {[%emt 0:00:00]} Nc3 {[%emt 0:00:22]} 46. Rxa7 {[%emt 0:00:00]} Ne4 {[%emt 0:00:46]} 47. Ra4 {[%emt 0:00:00]} Rf8 {[%emt 0:04:09]} 48. Ra2 {[%emt 0:00:00]} Rf4 {[%emt 0:01:59]} 49. g5 {[%emt 0:00:00]} Nxf2 {[%emt 0:00:55]} 50. Rxf2 {[%emt 0:00:00]} Rxh4 {[%emt 0:00:07]} 51. Rg2 {[%emt 0:00:00]} Kxd4 {[%emt 0:02:36]} 52. Rb2 {[%emt 0:06:50]} Rf4+ {[%emt 0:01:48]} 53. Ke2 {[%emt 0:00:41]} Rf5 {[%emt 0:01:04]} 54. Rxb6 {[%emt 0:02:05]} Rxe5+ {[%emt 0:03:11]} 55. Kd2 {[%emt 0:00:18]} Kc5 {[%emt 0:04:14]} 56. Ra6 {[%emt 0:01:08]} Kb5 {[%emt 0:00:48]} 57. Rd6 {[%emt 0:00:10]} Rxg5 {[%emt 0:00:12]} 58. Rxe6 {[%emt 0:00:11]} 1/2-1/2

[Event "Germany Countries-chT Youth 2022"]
[Site "Wiesbaden"]
[Date "2022.10.01"]
[Round "1"]
[White "Schwarzfischer, Julia"]
[Black "Halas, Neele Zoe"]
[Result "1/2-1/2"]
[WhiteElo "1256"]
[BlackElo "1392"]
[Annotator "NA RC COMBH"]
[PlyCount "138"]
[EventDate "2022.09.28"]
[EventType "team-tourn"]
[EventRounds "7"]
[EventCountry "GER"]
[SourceTitle "playchess.com"]
[Source "ChessBase"]
[SourceQuality "1"]
[TimeControl "40/5400+30:1800+30"]

1. e4 e5 2. Nf3 Nc6 3. Bc4 Be7 4. d3 Nf6 5. c3 O-O 6. a4 a5 7. Nbd2 d5 8. exd5 Nxd5 9. Nf1 Re8 10. Qb3 Be6 11. Qxb7 Qd6 12. Qb3 Nf4 13. Bxf4 Bxc4 14. Qxc4 exf4 15. N1d2 Rab8 16. Ne4 Bf8 17. O-O Qg6 18. Neg5 Rxb2 19. Qxf4 Bd6 20. Qc4 Ne5 21. Nxe5 Rxe5 22. Nf3 Rc5 23. Qh4 Rxc3 24. Qd8+ Bf8 25. Rae1 Qd6 26. Qc8 Rxd3 27. Re8 f6 28. Nh4 Rd1 29. Rxf8+ Qxf8 30. Qxf8+ Kxf8 31. Rxd1 Rb8 32. g3 c5 33. Nf3 c4 34. Nd4 Rb4 35. Kf1 Rxa4 36. Ne6+ Kf7 37. Nc5 Rb4 38. Ra1 Rb5 39. Ne4 Ke6 40. Ke2 Re5 41. Kf3 Rf5+ 42. Kg2 Kd5 43. f3 Kd4 44. Rd1+ Ke3 45. Rc1 Kd4 46. Ra1 Kd3 47. Nd6 Re5 48. Ne4 c3 49. Ra3 Rxe4 50. fxe4 Kd2 51. Rxa5 c2 52. Rd5+ Ke2 53. Rc5 Kd2 54. Kf3 c1=Q 55. Rxc1 Kxc1 56. Kf4 Kd2 57. g4 Kd3 58. e5 fxe5+ 59. Kxe5 Ke3 60. Kf5 Kf3 61. h4 Kg3 62. Kg5 Kh3 63. h5 Kg3 64. Kf5 h6 65. g5 hxg5 66. Kxg5 Kh3 67. Kf5 Kh4 68. Kg6 Kg4 69. Kxg7 Kxh5 1/2-1/2